• 首页
  • 本馆介绍
  • 公告通知
  • 最新文献
  • 馆藏检索
  • 电子资源
  • 读者导购
  • 参考咨询
  • 我的图书馆
  • 登录
  • 详细信息显示
  • 放入我的书架
  • 预约/预借图书
  • 作者相关作品
  • 分类相关作品
  • 丛书相关作品
  • 出版社相关作品

书目信息

  • 表格格式
  • 工作单格式
  • 卡片格式
题名:
AutoCAD 2010中文版基础教程
    
 
作者: 姜勇 , 王辉辉 编著
分册:  
出版信息: 北京   人民邮电出版社  2016.07
页数: 238页
开本: 26cm
丛书名:
单 册:
中图分类: TP391.72
科图分类:
主题词: 绘图软件--教材 , 绘图软件
电子资源:
ISBN: 978-7-115-22770-6
000 01053nam0 2200289 450
001 1150
005 20161008083151.12
010    @a978-7-115-22770-6@b平装@dCNY32.00
100    @a20100808d2016 em y0chiy50 ea
101 0  @achi
102    @aCN@b110000
105    @aa z 000yy
135    @adrbn ---auuuu
200 1  @aAutoCAD 2010中文版基础教程@b电子资源.图书@f姜勇,王辉辉编著@9zhong wen ban ji chu jiao cheng
210    @a北京@c人民邮电出版社@d2016.07
215    @a238页@c图@d26cm@e1光盘
307    @a光盘ISBN 978-7-89443-025-0
325    @a电子复制品
330    @a本书系统地介绍了AutoCAD 2010中文版的基本功能及用AutoCAD绘制二维、三维图形的方法和提高作图效率的技巧。在内容编排上充分考虑了初学者的学习特点,由浅入深、循序渐进,突出了常用命令的讲解及上机实战操作这两个方面的内容。
606 0  @a绘图软件@j教材
606 0  @a绘图软件
610 0  @aAutoCAD
690    @aTP391.72@v4
701  0 @a姜勇@4编著@9jiang yong
701  0 @a王辉辉@4编著@9wang hui hui
801  0 @aCN@b唐山师范学院图书馆@c20160830
905    @aZUCC@dTP391.72@e1076
    
    AutoCAD 2010中文版基础教程[电子资源.图书]/姜勇,王辉辉编著.-北京:人民邮电出版社,2016.07
    238页:图;26cm+1光盘
    
    
    ISBN 978-7-115-22770-6(平装):CNY32.00
    本书系统地介绍了AutoCAD 2010中文版的基本功能及用AutoCAD绘制二维、三维图形的方法和提高作图效率的技巧。在内容编排上充分考虑了初学者的学习特点,由浅入深、循序渐进,突出了常用命令的讲解及上机实战操作这两个方面的内容。
●
相关链接 在E读中查询图书 在五车中查询图书 在当当中查询图书 在豆瓣中查询图书


正题名:AutoCAD 2010中文版基础教程     索取号:TP391.72/1076         预约/预借

序号 登录号 条形码 馆藏地/架位号 状态 备注
1 907114   209071145   第二样本阅览室/ [索取号:TP391.72/1076] 在馆    
2 907115   209071154   密集书库—计算机科学学院/ [索取号:TP391.72/1076] 在馆    
3 907116   209071163   第三借阅区/ [索取号:TP391.72/1076] 在馆    
4 907117   209071172   第三借阅区/ [索取号:TP391.72/1076] 在馆    
5 907118   209071181   第三借阅区/ [索取号:TP391.72/1076] 在馆    
唐山师范学院图书馆 欢迎您!
大连网信软件有限公司© 版权所有